| 000 | 00713nam a22002177a 4500 | ||
|---|---|---|---|
| 999 |
_c159913 _d159913 |
||
| 005 | 20190109171354.0 | ||
| 006 | a|||||f|||| 00| 0 | ||
| 007 | tc | ||
| 008 | 180720b xxu||||| |||| 00| 0 eng d | ||
| 010 | _aB-348081-B-348084 | ||
| 020 | _c187.00(per set) | ||
| 035 | _aB-348081 | ||
| 037 | _bA.I.C.B. | ||
| 082 | _a480 | ||
| 245 | _aEnglish For students of Commerce | ||
| 260 |
_aNew Delhi _bA.C.I.B. _cN.D. |
||
| 270 |
_aSector-5, Rohini, _bNew Delhi _e110085 |
||
| 300 |
_a2V.,various pages. _c30cm(HB). |
||
| 942 |
_2ddc _cBRLEN _h480 _mENG |
||